[Event "Stay Safe Play From Home 375"]
[Site "Emanuel Lasker Arena"]
[Date "2020.08.11"]
[Round "5"]
[White "Haris kollari 13"]
[Black "Padmaesh M K"]
[Result "1-0"]
[WhiteElo "1930"]
[BlackElo "1814"]
[Annotator "NA"]
[PlyCount "129"]
[EventDate "2020.08.11"]
[EventType "swiss (blitz)"]

1. e4 {[%emt 0:00:06]} c5 {[%emt 0:00:01]} 2. Nf3 {[%emt 0:00:08]} d6 {[%emt 0:00:14]} 3. d4 {[%emt 0:00:11]} cxd4 {[%emt 0:00:00]} 4. Nxd4 {[%emt 0:00:01]} Nf6 {[%emt 0:00:02]} 5. Nc3 {[%emt 0:00:01]} g6 {[%emt 0:00:03]} 6. Be3 {[%emt 0:00:05]} Bg7 {[%emt 0:00:01]} 7. Be2 {[%emt 0:00:01]} O-O {[%emt 0:00:01]} 8. f4 {[%emt 0:00:02]} Nc6 {[%emt 0:00:01]} 9. Qd2 {[%emt 0:00:01]} Ng4 {[%emt 0:00:08]} 10. Bxg4 {[%emt 0:00:02]} Bxg4 {[%emt 0:00:02]} 11. h3 {[%emt 0:00:01]} Bd7 {[%emt 0:00:02]} 12. g4 {[%emt 0:00:01]} Qc7 {[%emt 0:00:02]} 13. f5 {[%emt 0:00:02]} Ne5 {[%emt 0:00:16]} 14. O-O-O {[%emt 0:00:01]} Nc4 {[%emt 0:00:04]} 15. Qf2 {[%emt 0:00:01]} Qb6 {[%emt 0:00:05]} 16. Nb3 {[%emt 0:00:04]} Qxe3+ {[%emt 0:00:12]} 17. Qxe3 {[%emt 0:00:01]} Nxe3 {[%emt 0:00:00]} 18. Rd3 {[%emt 0:00:04]} Nc4 {[%emt 0:00:01]} 19. Nd5 {[%emt 0:00:02]} Bf6 {[%emt 0:00:13]} 20. h4 {[%emt 0:00:02]} Bxb2+ {[%emt 0:00:20]} 21. Kb1 {[%emt 0:00:02]} Bf6 {[%emt 0:00:07]} 22. g5 {[%emt 0:00:01]} Ne5 {[%emt 0:00:06]} 23. gxf6 {[%emt 0:00:04]} Nxd3 {[%emt 0:00:01]} 24. Nxe7+ {[%emt 0:00:09]} Kh8 {[%emt 0:00:02]} 25. cxd3 {[%emt 0:00:01]} Bc6 {[%emt 0:00:11]} 26. h5 {[%emt 0:00:08]} gxf5 {[%emt 0:00:03]} 27. Nxf5 {[%emt 0:00:04]} d5 {[%emt 0:00:01]} 28. e5 {[%emt 0:00:02]} Rae8 {[%emt 0:00:04]} 29. d4 {[%emt 0:00:01]} Bb5 {[%emt 0:00:05]} 30. Nd6 {[%emt 0:00:03]} Bd3+ {[%emt 0:00:02]} 31. Kc1 {[%emt 0:00:02]} Rb8 {[%emt 0:00:09]} 32. Kd2 {[%emt 0:00:01]} Be4 {[%emt 0:00:01]} 33. Rh4 {[%emt 0:00:09]} Bb1 {[%emt 0:00:05]} 34. a3 {[%emt 0:00:04]} b6 {[%emt 0:00:02]} 35. Nc1 {[%emt 0:00:03]} Rbd8 {[%emt 0:00:10]} 36. h6 {[%emt 0:00:01]} Rd7 {[%emt 0:00:02]} 37. Rg4 {[%emt 0:00:01]} Rfd8 {[%emt 0:00:04]} 38. Rg7 {[%emt 0:00:05]} Rxd6 {[%emt 0:00:02]} 39. exd6 {[%emt 0:00:02]} Rxd6 {[%emt 0:00:01]} 40. Rxf7 {[%emt 0:00:01]} Kg8 {[%emt 0:00:03]} 41. Rg7+ {[%emt 0:00:02]} Kf8 {[%emt 0:00:01]} 42. Rxa7 {[%emt 0:00:03]} Rxf6 {[%emt 0:00:02]} 43. Rd7 {[%emt 0:00:07]} Be4 {[%emt 0:00:02]} 44. Ne2 {[%emt 0:00:03]} Rxh6 {[%emt 0:00:01]} 45. Nc3 {[%emt 0:00:01]} Rh2+ {[%emt 0:00:04]} 46. Ke1 {[%emt 0:00:01]} Rh5 {[%emt 0:00:07]} 47. Rd6 {[%emt 0:00:07]} Rh3 {[%emt 0:00:04]} 48. Kd2 {[%emt 0:00:04]} Bh1 {[%emt 0:00:04]} 49. Rxb6 {[%emt 0:00:03]} h5 {[%emt 0:00:02]} 50. a4 {[%emt 0:00:02]} Rh2+ {[%emt 0:00:01]} 51. Ke3 {[%emt 0:00:03]} Rg2 {[%emt 0:00:15]} 52. a5 {[%emt 0:00:03]} Rg7 {[%emt 0:00:02]} 53. Rh6 {[%emt 0:00:02]} Re7+ {[%emt 0:00:01]} 54. Kf4 {[%emt 0:00:03]} Rf7+ {[%emt 0:00:03]} 55. Ke5 {[%emt 0:00:01]} Re7+ {[%emt 0:00:06]} 56. Kd6 {[%emt 0:00:02]} Ra7 {[%emt 0:00:05]} 57. Rxh5 {[%emt 0:00:04]} Rxa5 {[%emt 0:00:02]} 58. Ke5 {[%emt 0:00:01]} Ra3 {[%emt 0:00:03]} 59. Nb5 {[%emt 0:00:09]} Ra5 {[%emt 0:00:04]} 60. Nc7 {[%emt 0:00:03]} Ra7 {[%emt 0:00:04]} 61. Ne6+ {[%emt 0:00:02]} Kg8 {[%emt 0:00:09]} 62. Rxh1 {[%emt 0:00:01]} Re7 {[%emt 0:00:03]} 63. Kxd5 {[%emt 0:00:01]} Rd7+ {[%emt 0:00:02]} 64. Ke5 {[%emt 0:00:01]} Re7 {[%emt 0:00:01]} 65. d5 {[%emt 0:00:01] Padmaesh M K resigns Padmaesh M K resigns Padmaesh M K resigns Padmaesh M K resigns Padmaesh M K resigns (Lag: Av=0.52s, max=1.1s) (Lag: Av=0.52s, max=1.1s) (Lag: Av=0.52s, max=1.1s) (Lag: Av=0.52s, max=1.1s) (Lag: Av=0.52s, max=1.1s)} 1-0

[Event "Stay Safe Play From Home 375"]
[Site "Emanuel Lasker Arena"]
[Date "2020.08.11"]
[Round "5"]
[White "Roefe Detlef"]
[Black "Milos M"]
[Result "1-0"]
[WhiteElo "1732"]
[BlackElo "1335"]
[Annotator "NA"]
[PlyCount "77"]
[EventDate "2020.08.11"]
[EventType "swiss (blitz)"]

1. e4 {[%emt 0:00:04]} e6 {[%emt 0:00:01]} 2. Nc3 {[%emt 0:00:03]} d5 {[%emt 0:00:01]} 3. g3 {[%emt 0:00:01]} c5 {[%emt 0:00:02]} 4. Bg2 {[%emt 0:00:01]} Nc6 {[%emt 0:00:01]} 5. d3 {[%emt 0:00:01]} Nf6 {[%emt 0:00:04]} 6. Bg5 {[%emt 0:00:01]} Be7 {[%emt 0:00:02]} 7. Bxf6 {[%emt 0:00:09]} Bxf6 {[%emt 0:00:02]} 8. exd5 {[%emt 0:00:02]} exd5 {[%emt 0:00:02]} 9. Nxd5 {[%emt 0:00:08]} Be6 {[%emt 0:00:06]} 10. Nxf6+ {[%emt 0:00:11]} Qxf6 {[%emt 0:00:02]} 11. c3 {[%emt 0:00:01]} O-O {[%emt 0:00:02]} 12. Qe2 {[%emt 0:00:01]} Rfe8 {[%emt 0:00:04]} 13. Kf1 {[%emt 0:00:10]} Bd5 {[%emt 0:00:11]} 14. Qd2 {[%emt 0:00:07]} Bxg2+ {[%emt 0:00:03]} 15. Kxg2 {[%emt 0:00:01]} Rad8 {[%emt 0:00:11]} 16. Nf3 {[%emt 0:00:03]} Ne5 {[%emt 0:00:05]} 17. Nxe5 {[%emt 0:00:05]} Qxe5 {[%emt 0:00:02]} 18. Rad1 {[%emt 0:00:07]} Qd5+ {[%emt 0:00:02]} 19. f3 {[%emt 0:00:01]} c4 {[%emt 0:00:05]} 20. d4 {[%emt 0:00:02]} Qa5 {[%emt 0:00:05]} 21. a3 {[%emt 0:00:04]} b5 {[%emt 0:00:04]} 22. Rde1 {[%emt 0:00:02]} Rxe1 {[%emt 0:00:04]} 23. Rxe1 {[%emt 0:00:00]} g6 {[%emt 0:00:02]} 24. h4 {[%emt 0:00:08]} a6 {[%emt 0:00:06]} 25. Qf4 {[%emt 0:00:03]} Qb6 {[%emt 0:00:14]} 26. Re7 {[%emt 0:00:05]} Rf8 {[%emt 0:00:12]} 27. Qc7 {[%emt 0:00:02]} Qf6 {[%emt 0:00:12]} 28. Qe5 {[%emt 0:00:08]} Qg7 {[%emt 0:00:09]} 29. Qxg7+ {[%emt 0:00:08]} Kxg7 {[%emt 0:00:02]} 30. Ra7 {[%emt 0:00:02]} Re8 {[%emt 0:00:04]} 31. Kf2 {[%emt 0:00:01]} Re7 {[%emt 0:00:03]} 32. Rxa6 {[%emt 0:00:02]} f6 {[%emt 0:00:02]} 33. Rb6 {[%emt 0:00:03]} g5 {[%emt 0:00:03]} 34. hxg5 {[%emt 0:00:02]} fxg5 {[%emt 0:00:02]} 35. Rxb5 {[%emt 0:00:01]} Kg6 {[%emt 0:00:01]} 36. Rc5 {[%emt 0:00:01]} h5 {[%emt 0:00:06]} 37. Rxc4 {[%emt 0:00:01]} h4 {[%emt 0:00:01]} 38. Rc6+ {[%emt 0:00:02]} Kh5 {[%emt 0:00:02]} 39. g4# {[%emt 0:00:02] (Lag: Av=0.36s, max=0.5s) (Lag: Av=0.36s, max=0.5s) (Lag: Av=0.36s, max=0.5s) (Lag: Av=0.36s, max=0.5s) (Lag: Av=0.36s, max=0.5s) Mate Mate Mate Mate Mate} 1-0

[Event "Stay Safe Play From Home 375"]
[Site "Emanuel Lasker Arena"]
[Date "2020.08.11"]
[Round "5"]
[White "Timbre"]
[Black "Kongle"]
[Result "1-0"]
[WhiteElo "1604"]
[BlackElo "1747"]
[Annotator "NA"]
[PlyCount "53"]
[EventDate "2020.08.11"]
[EventType "swiss (blitz)"]

1. d4 {[%emt 0:00:15]} Nf6 {[%emt 0:00:03]} 2. Nf3 {[%emt 0:00:01]} e6 {[%emt 0:00:02]} 3. c3 {[%emt 0:00:01]} c6 {[%emt 0:00:01]} 4. Bf4 {[%emt 0:00:02]} d5 {[%emt 0:00:02]} 5. e3 {[%emt 0:00:01]} Bd6 {[%emt 0:00:02]} 6. Bg3 {[%emt 0:00:01]} O-O {[%emt 0:00:03]} 7. Bd3 {[%emt 0:00:01]} Bc7 {[%emt 0:00:06]} 8. Qe2 {[%emt 0:00:01]} Nbd7 {[%emt 0:00:01]} 9. Nbd2 {[%emt 0:00:01]} Re8 {[%emt 0:00:01]} 10. O-O {[%emt 0:00:03]} e5 {[%emt 0:00:01]} 11. dxe5 {[%emt 0:00:02]} Nxe5 {[%emt 0:00:02]} 12. Nxe5 {[%emt 0:00:01]} Bxe5 {[%emt 0:00:01]} 13. Nf3 {[%emt 0:00:01]} Bxg3 {[%emt 0:00:01]} 14. hxg3 {[%emt 0:00:02]} Qd6 {[%emt 0:00:07]} 15. Qc2 {[%emt 0:00:02]} Ne4 {[%emt 0:00:13]} 16. Rad1 {[%emt 0:00:05]} f5 {[%emt 0:00:03]} 17. c4 {[%emt 0:00:11]} Qh6 {[%emt 0:00:05]} 18. cxd5 {[%emt 0:00:04]} cxd5 {[%emt 0:00:02]} 19. Be2 {[%emt 0:00:12]} Be6 {[%emt 0:00:07]} 20. Nd4 {[%emt 0:00:04]} Rac8 {[%emt 0:00:09]} 21. Qb3 {[%emt 0:00:09]} b6 {[%emt 0:00:06]} 22. Bf3 {[%emt 0:00:03]} Nc5 {[%emt 0:00:11]} 23. Qa3 {[%emt 0:00:08]} Rc7 {[%emt 0:00:13]} 24. Nxe6 {[%emt 0:00:03]} Nxe6 {[%emt 0:00:14]} 25. Rxd5 {[%emt 0:00:09]} Ng5 {[%emt 0:00:24]} 26. Rxf5 {[%emt 0:00:11]} Kh8 {[%emt 0:00:08]} 27. Rf8+ {[%emt 0:00:11] Kongle resigns Kongle resigns Kongle resigns Kongle resigns Kongle resigns (Lag: Av=0.56s, max=1.2s) (Lag: Av=0.56s, max=1.2s) (Lag: Av=0.56s, max=1.2s) (Lag: Av=0.56s, max=1.2s) (Lag: Av=0.56s, max=1.2s)} 1-0

[Event "Stay Safe Play From Home 375"]
[Site "Emanuel Lasker Arena"]
[Date "2020.08.11"]
[Round "6"]
[White "Dukic"]
[Black "MihailoVujic"]
[Result "0-1"]
[WhiteElo "2002"]
[BlackElo "2117"]
[PlyCount "70"]
[EventDate "2020.08.11"]
[EventType "swiss (blitz)"]

1. c4 {[%emt 0:00:04]} e5 {[%emt 0:00:02]} 2. Nc3 {[%emt 0:00:01]} Nc6 {[%emt 0:00:01]} 3. Nf3 {[%emt 0:00:01]} Nf6 {[%emt 0:00:01]} 4. e3 {[%emt 0:00:03]} d5 {[%emt 0:00:19]} 5. d4 {[%emt 0:00:02]} exd4 {[%emt 0:00:04]} 6. Nxd4 {[%emt 0:00:01]} Nxd4 {[%emt 0:00:04]} 7. Qxd4 {[%emt 0:00:01]} c6 {[%emt 0:00:03]} 8. cxd5 {[%emt 0:00:11]} Nxd5 {[%emt 0:00:27]} 9. Nxd5 {[%emt 0:00:02]} Qxd5 {[%emt 0:00:02]} 10. Qxd5 {[%emt 0:00:02]} cxd5 {[%emt 0:00:01]} 11. Bb5+ {[%emt 0:00:01]} Bd7 {[%emt 0:00:01]} 12. Bxd7+ {[%emt 0:00:02]} Kxd7 {[%emt 0:00:00]} 13. Ke2 {[%emt 0:00:01]} Rc8 {[%emt 0:00:04]} 14. Rd1 {[%emt 0:00:07]} Ke6 {[%emt 0:00:03]} 15. Bd2 {[%emt 0:00:36]} Rc2 {[%emt 0:00:31]} 16. Rab1 {[%emt 0:00:20]} Bb4 {[%emt 0:00:03]} 17. Kd3 {[%emt 0:00:02]} Rxd2+ {[%emt 0:00:03]} 18. Rxd2 {[%emt 0:00:01]} Bxd2 {[%emt 0:00:00]} 19. Kxd2 {[%emt 0:00:01]} Rc8 {[%emt 0:00:01]} 20. Kd3 {[%emt 0:00:04]} Ke5 {[%emt 0:00:09]} 21. Rd1 {[%emt 0:00:35]} g5 {[%emt 0:00:07]} 22. g4 {[%emt 0:00:08]} b5 {[%emt 0:00:03]} 23. b3 {[%emt 0:00:06]} b4 {[%emt 0:00:04]} 24. f3 {[%emt 0:00:26]} Rc3+ {[%emt 0:00:03]} 25. Kd2 {[%emt 0:00:01]} d4 {[%emt 0:00:05]} 26. Re1 {[%emt 0:00:43]} d3 {[%emt 0:00:28]} 27. Rf1 {[%emt 0:00:05]} Rc2+ {[%emt 0:00:08]} 28. Kxd3 {[%emt 0:00:01]} Rxh2 {[%emt 0:00:05]} 29. f4+ {[%emt 0:00:01]} Ke6 {[%emt 0:00:16]} 30. fxg5 {[%emt 0:00:04]} Rxa2 {[%emt 0:00:00]} 31. Rf4 {[%emt 0:00:01]} a5 {[%emt 0:00:02]} 32. Kc4 {[%emt 0:00:03]} Rc2+ {[%emt 0:00:09]} 33. Kb5 {[%emt 0:00:02]} Rc3 {[%emt 0:00:00]} 34. Kxa5 {[%emt 0:00:05]} Rxb3 {[%emt 0:00:01]} 35. e4 {[%emt 0:00:05]} Rb1 {[%emt 0:00:08] Zeit Zeit Zeit Zeit Zeit (Lag: Av=0.65s, max=0.8s) (Lag: Av=0.65s, max=0.8s) (Lag: Av=0.65s, max=0.8s) (Lag: Av=0.65s, max=0.8s) (Lag: Av=0.65s, max=0.8s)} 0-1

[Event "Stay Safe Play From Home 375"]
[Site "Emanuel Lasker Arena"]
[Date "2020.08.11"]
[Round "6"]
[White "Haris kollari 13"]
[Black "Imadns"]
[Result "1-0"]
[WhiteElo "1941"]
[BlackElo "1988"]
[Annotator "NA"]
[PlyCount "67"]
[EventDate "2020.08.11"]
[EventType "swiss (blitz)"]

1. e4 {[%emt 0:00:01]} e5 {[%emt 0:02:31]} 2. Nf3 {[%emt 0:00:04]} Nc6 {[%emt 0:00:02]} 3. Bb5 {[%emt 0:00:01]} a6 {[%emt 0:00:02]} 4. Ba4 {[%emt 0:00:04]} b5 {[%emt 0:00:02]} 5. Bb3 {[%emt 0:00:03]} Na5 {[%emt 0:00:00]} 6. d3 {[%emt 0:00:08]} Nxb3 {[%emt 0:00:01]} 7. axb3 {[%emt 0:00:03]} Bd6 {[%emt 0:00:01]} 8. Be3 {[%emt 0:00:04]} Nf6 {[%emt 0:00:01]} 9. h3 {[%emt 0:00:02]} O-O {[%emt 0:00:01]} 10. Nc3 {[%emt 0:00:03]} h6 {[%emt 0:00:03]} 11. Nxb5 {[%emt 0:00:03]} axb5 {[%emt 0:00:01]} 12. Rxa8 {[%emt 0:00:04]} Bb4+ {[%emt 0:00:06]} 13. c3 {[%emt 0:00:02]} Bd6 {[%emt 0:00:03]} 14. Qd2 {[%emt 0:00:01]} c6 {[%emt 0:00:04]} 15. O-O {[%emt 0:00:03]} Re8 {[%emt 0:00:02]} 16. Rfa1 {[%emt 0:00:02]} Qe7 {[%emt 0:00:14]} 17. b4 {[%emt 0:00:04]} Bb7 {[%emt 0:00:01]} 18. Rxe8+ {[%emt 0:00:04]} Qxe8 {[%emt 0:00:02]} 19. Ra7 {[%emt 0:00:01]} Qc8 {[%emt 0:00:11]} 20. Qc1 {[%emt 0:00:04]} Kh7 {[%emt 0:00:09]} 21. Qa1 {[%emt 0:00:02]} Bxb4 {[%emt 0:00:03]} 22. cxb4 {[%emt 0:00:03]} Ne8 {[%emt 0:00:05]} 23. Qa5 {[%emt 0:00:04]} Nc7 {[%emt 0:00:02]} 24. Qb6 {[%emt 0:00:02]} Na8 {[%emt 0:00:02]} 25. Qxb7 {[%emt 0:00:02]} Qxb7 {[%emt 0:00:01]} 26. Rxb7 {[%emt 0:00:03]} d6 {[%emt 0:00:02]} 27. Ra7 {[%emt 0:00:01]} f6 {[%emt 0:00:01]} 28. Rxa8 {[%emt 0:00:03]} d5 {[%emt 0:00:05]} 29. exd5 {[%emt 0:00:01]} cxd5 {[%emt 0:00:00]} 30. Bc5 {[%emt 0:00:01]} e4 {[%emt 0:00:00]} 31. dxe4 {[%emt 0:00:05]} f5 {[%emt 0:00:00]} 32. exd5 {[%emt 0:00:02]} f4 {[%emt 0:00:01]} 33. d6 {[%emt 0:00:01]} h5 {[%emt 0:00:08]} 34. d7 {[%emt 0:00:00] TimeB TimeB TimeB TimeB TimeB} 1-0

[Event "Stay Safe Play From Home 375"]
[Site "Emanuel Lasker Arena"]
[Date "2020.08.11"]
[Round "6"]
[White "Kongle"]
[Black "Roefe Detlef"]
[Result "1-0"]
[WhiteElo "1723"]
[BlackElo "1735"]
[Annotator "NA"]
[PlyCount "83"]
[EventDate "2020.08.11"]
[EventType "swiss (blitz)"]

1. e4 {[%emt 0:00:11]} c5 {[%emt 0:00:02]} 2. Nf3 {[%emt 0:00:02]} Nc6 {[%emt 0:00:01]} 3. d4 {[%emt 0:00:01]} cxd4 {[%emt 0:00:01]} 4. Nxd4 {[%emt 0:00:01]} e5 {[%emt 0:00:01]} 5. Nb5 {[%emt 0:00:03]} d6 {[%emt 0:00:01]} 6. N1c3 {[%emt 0:00:02]} a6 {[%emt 0:00:01]} 7. Na3 {[%emt 0:00:02]} b5 {[%emt 0:00:01]} 8. Nd5 {[%emt 0:00:03]} Nf6 {[%emt 0:00:01]} 9. Bg5 {[%emt 0:00:02]} Be7 {[%emt 0:00:01]} 10. Bxf6 {[%emt 0:00:01]} Bxf6 {[%emt 0:00:01]} 11. c3 {[%emt 0:00:01]} Bg5 {[%emt 0:00:01]} 12. Nc2 {[%emt 0:00:03]} Rb8 {[%emt 0:00:01]} 13. a4 {[%emt 0:00:06]} bxa4 {[%emt 0:00:03]} 14. Rxa4 {[%emt 0:00:03]} Rxb2 {[%emt 0:00:02]} 15. Nce3 {[%emt 0:00:09]} a5 {[%emt 0:00:08]} 16. Be2 {[%emt 0:00:06]} O-O {[%emt 0:00:03]} 17. O-O {[%emt 0:00:02]} Kh8 {[%emt 0:00:03]} 18. Nc4 {[%emt 0:00:13]} f5 {[%emt 0:00:08]} 19. Nxb2 {[%emt 0:00:03]} fxe4 {[%emt 0:00:04]} 20. Rxe4 {[%emt 0:00:10]} Be6 {[%emt 0:00:03]} 21. Ra4 {[%emt 0:00:05]} Qb8 {[%emt 0:00:13]} 22. Nc4 {[%emt 0:00:10]} Ne7 {[%emt 0:00:34]} 23. Nxe7 {[%emt 0:00:13]} Bxe7 {[%emt 0:00:02]} 24. Rxa5 {[%emt 0:00:07]} d5 {[%emt 0:00:05]} 25. Ne3 {[%emt 0:00:06]} Rd8 {[%emt 0:00:20]} 26. Nxd5 {[%emt 0:00:07]} Bg5 {[%emt 0:00:06]} 27. c4 {[%emt 0:00:06]} e4 {[%emt 0:00:04]} 28. Bg4 {[%emt 0:00:06]} Bg8 {[%emt 0:00:06]} 29. Qd4 {[%emt 0:00:12]} e3 {[%emt 0:00:13]} 30. fxe3 {[%emt 0:00:04]} Bxd5 {[%emt 0:00:04]} 31. Rxd5 {[%emt 0:00:04]} Rxd5 {[%emt 0:00:03]} 32. cxd5 {[%emt 0:00:05]} Qe8 {[%emt 0:00:06]} 33. Rf3 {[%emt 0:00:05]} h6 {[%emt 0:00:02]} 34. h3 {[%emt 0:00:02]} Bf6 {[%emt 0:00:03]} 35. Qf4 {[%emt 0:00:04]} Qb5 {[%emt 0:00:07]} 36. d6 {[%emt 0:00:07]} Qb1+ {[%emt 0:00:03]} 37. Rf1 {[%emt 0:00:04]} Qb2 {[%emt 0:00:03]} 38. d7 {[%emt 0:00:05]} Be5 {[%emt 0:00:02]} 39. d8=Q+ {[%emt 0:00:04]} Kh7 {[%emt 0:00:01]} 40. Qf5+ {[%emt 0:00:03]} g6 {[%emt 0:00:03]} 41. Qf7+ {[%emt 0:00:06]} Bg7 {[%emt 0:00:01]} 42. Qfg8# {[%emt 0:00:02] (Lag: Av=0.61s, max=2.0s) (Lag: Av=0.61s, max=2.0s) (Lag: Av=0.61s, max=2.0s) (Lag: Av=0.61s, max=2.0s) (Lag: Av=0.61s, max=2.0s)} 1-0

[Event "Stay Safe Play From Home 375"]
[Site "Emanuel Lasker Arena"]
[Date "2020.08.11"]
[Round "6"]
[White "Timbre"]
[Black "Ionelluca"]
[Result "0-1"]
[WhiteElo "1628"]
[BlackElo "2062"]
[PlyCount "74"]
[EventDate "2020.08.11"]
[EventType "swiss (blitz)"]

1. d4 {[%emt 0:00:17]} Nf6 {[%emt 0:00:02]} 2. Nf3 {[%emt 0:00:01]} b6 {[%emt 0:00:01]} 3. c3 {[%emt 0:00:01]} Bb7 {[%emt 0:00:01]} 4. Bf4 {[%emt 0:00:02]} d6 {[%emt 0:00:02]} 5. e3 {[%emt 0:00:01]} Nbd7 {[%emt 0:00:01]} 6. Be2 {[%emt 0:00:01]} g6 {[%emt 0:00:01]} 7. Nbd2 {[%emt 0:00:01]} Bg7 {[%emt 0:00:01]} 8. O-O {[%emt 0:00:02]} O-O {[%emt 0:00:01]} 9. h3 {[%emt 0:00:01]} Re8 {[%emt 0:00:01]} 10. Qb3 {[%emt 0:00:02]} e5 {[%emt 0:00:21]} 11. dxe5 {[%emt 0:00:02]} dxe5 {[%emt 0:00:05]} 12. Bg3 {[%emt 0:00:04]} Nc5 {[%emt 0:00:09]} 13. Qc2 {[%emt 0:00:05]} Nfe4 {[%emt 0:00:12]} 14. Rad1 {[%emt 0:00:18]} Nxg3 {[%emt 0:00:02]} 15. fxg3 {[%emt 0:00:02]} Qe7 {[%emt 0:00:04]} 16. Kh2 {[%emt 0:00:03]} h6 {[%emt 0:00:02]} 17. b4 {[%emt 0:00:08]} Ne6 {[%emt 0:00:02]} 18. a4 {[%emt 0:00:10]} Red8 {[%emt 0:00:02]} 19. Nc4 {[%emt 0:00:05]} Ng5 {[%emt 0:00:05]} 20. Nxg5 {[%emt 0:00:06]} Qxg5 {[%emt 0:00:02]} 21. Rxd8+ {[%emt 0:00:03]} Rxd8 {[%emt 0:00:02]} 22. e4 {[%emt 0:00:06]} a6 {[%emt 0:00:20]} 23. Bf3 {[%emt 0:00:02]} b5 {[%emt 0:00:06]} 24. Nb2 {[%emt 0:00:06]} Rd2 {[%emt 0:00:04]} 25. Qb3 {[%emt 0:00:07]} h5 {[%emt 0:00:24]} 26. axb5 {[%emt 0:00:12]} h4 {[%emt 0:00:13]} 27. g4 {[%emt 0:00:16]} Qf4+ {[%emt 0:00:03]} 28. Kh1 {[%emt 0:00:06]} Bxe4 {[%emt 0:00:14]} 29. c4 {[%emt 0:00:21]} Bxf3 {[%emt 0:00:06]} 30. Rxf3 {[%emt 0:00:04]} Qd4 {[%emt 0:00:09]} 31. Na4 {[%emt 0:00:23]} e4 {[%emt 0:00:02]} 32. Rf1 {[%emt 0:00:07]} e3 {[%emt 0:00:20]} 33. c5 {[%emt 0:00:01]} e2 {[%emt 0:00:15]} 34. Qxf7+ {[%emt 0:00:07]} Kh7 {[%emt 0:00:01]} 35. Re1 {[%emt 0:00:06]} Rd1 {[%emt 0:00:01]} 36. Rxd1 {[%emt 0:00:05]} exd1=Q+ {[%emt 0:00:02]} 37. Kh2 {[%emt 0:00:02]} Q1g1# {[%emt 0:00:01] (Lag: Av=0.94s, max=13.0s) (Lag: Av=0.94s, max=13.0s) (Lag: Av=0.94s, max=13.0s) (Lag: Av=0.94s, max=13.0s) (Lag: Av=0.94s, max=13.0s)} 0-1

[Event "Stay Safe Play From Home 375"]
[Site "Emanuel Lasker Arena"]
[Date "2020.08.11"]
[Round "6"]
[White "W Nelles"]
[Black "Lazieri3"]
[Result "0-1"]
[WhiteElo "1402"]
[BlackElo "2016"]
[Annotator "NA"]
[PlyCount "122"]
[EventDate "2020.08.11"]
[EventType "swiss (blitz)"]

1. e4 {[%emt 0:00:12]} c6 {[%emt 0:00:00]} 2. d4 {[%emt 0:00:02]} d5 {[%emt 0:00:00]} 3. e5 {[%emt 0:00:01]} Bf5 {[%emt 0:00:01]} 4. Bd3 {[%emt 0:00:02]} Bxd3 {[%emt 0:00:06]} 5. cxd3 {[%emt 0:00:02]} e6 {[%emt 0:00:00]} 6. Bd2 {[%emt 0:00:03]} c5 {[%emt 0:00:01]} 7. Qa4+ {[%emt 0:00:03]} Nc6 {[%emt 0:00:02]} 8. Nf3 {[%emt 0:00:05]} Qb6 {[%emt 0:00:07]} 9. dxc5 {[%emt 0:00:08]} Bxc5 {[%emt 0:00:27]} 10. O-O {[%emt 0:00:08]} Qxb2 {[%emt 0:00:10]} 11. Bc3 {[%emt 0:00:03]} Qb6 {[%emt 0:00:03]} 12. d4 {[%emt 0:00:05]} Be7 {[%emt 0:00:05]} 13. Nbd2 {[%emt 0:00:06]} Nh6 {[%emt 0:00:01]} 14. Rab1 {[%emt 0:00:02]} Qc7 {[%emt 0:00:01]} 15. Nb3 {[%emt 0:00:09]} O-O {[%emt 0:00:03]} 16. Nc5 {[%emt 0:00:02]} b6 {[%emt 0:00:13]} 17. Na6 {[%emt 0:00:06]} Qd7 {[%emt 0:00:02]} 18. Rfc1 {[%emt 0:00:13]} Nxe5 {[%emt 0:00:05]} 19. Qxd7 {[%emt 0:00:02]} Nxd7 {[%emt 0:00:00]} 20. Ne5 {[%emt 0:00:02]} Nxe5 {[%emt 0:00:03]} 21. dxe5 {[%emt 0:00:01]} Rfc8 {[%emt 0:00:13]} 22. Bb4 {[%emt 0:00:05]} Bxb4 {[%emt 0:00:03]} 23. Nxb4 {[%emt 0:00:04]} Nf5 {[%emt 0:00:04]} 24. Rxc8+ {[%emt 0:00:02]} Rxc8 {[%emt 0:00:02]} 25. h3 {[%emt 0:00:03]} g6 {[%emt 0:00:04]} 26. Nd3 {[%emt 0:00:06]} Rc2 {[%emt 0:00:02]} 27. Rc1 {[%emt 0:00:04]} Rxc1+ {[%emt 0:00:03]} 28. Nxc1 {[%emt 0:00:01]} Nd4 {[%emt 0:00:02]} 29. Kf1 {[%emt 0:00:04]} f6 {[%emt 0:00:03]} 30. f4 {[%emt 0:00:04]} Kf7 {[%emt 0:00:04]} 31. g3 {[%emt 0:00:02]} g5 {[%emt 0:00:19]} 32. Kf2 {[%emt 0:00:04]} gxf4 {[%emt 0:00:05]} 33. gxf4 {[%emt 0:00:02]} fxe5 {[%emt 0:00:01]} 34. fxe5 {[%emt 0:00:01]} Kg6 {[%emt 0:00:02]} 35. Ke3 {[%emt 0:00:03]} Nc6 {[%emt 0:00:03]} 36. Kf4 {[%emt 0:00:02]} b5 {[%emt 0:00:04]} 37. Ne2 {[%emt 0:00:04]} b4 {[%emt 0:00:02]} 38. Ng3 {[%emt 0:00:03]} a5 {[%emt 0:00:03]} 39. h4 {[%emt 0:00:04]} a4 {[%emt 0:00:02]} 40. Ne2 {[%emt 0:00:06]} b3 {[%emt 0:00:05]} 41. axb3 {[%emt 0:00:02]} axb3 {[%emt 0:00:00]} 42. Nc3 {[%emt 0:00:01]} b2 {[%emt 0:00:02]} 43. Kg4 {[%emt 0:00:02]} Nxe5+ {[%emt 0:00:03]} 44. Kg3 {[%emt 0:00:03]} Kf5 {[%emt 0:00:02]} 45. Nb1 {[%emt 0:00:07]} Ke4 {[%emt 0:00:02]} 46. Kf2 {[%emt 0:00:02]} h5 {[%emt 0:00:03]} 47. Ke2 {[%emt 0:00:01]} Ng6 {[%emt 0:00:01]} 48. Nd2+ {[%emt 0:00:02]} Kd4 {[%emt 0:00:02]} 49. Nb3+ {[%emt 0:00:02]} Kc3 {[%emt 0:00:01]} 50. Nd2 {[%emt 0:00:01]} Kc2 {[%emt 0:00:02]} 51. Nf3 {[%emt 0:00:19]} b1=Q {[%emt 0:00:03]} 52. Ne1+ {[%emt 0:00:01]} Kc3 {[%emt 0:00:02]} 53. Nf3 {[%emt 0:00:02]} Qe4+ {[%emt 0:00:02]} 54. Kf2 {[%emt 0:00:01]} Nxh4 {[%emt 0:00:01]} 55. Nxh4 {[%emt 0:00:01]} Qxh4+ {[%emt 0:00:01]} 56. Ke2 {[%emt 0:00:02]} d4 {[%emt 0:00:05]} 57. Kf3 {[%emt 0:00:02]} Qg4+ {[%emt 0:00:01]} 58. Kf2 {[%emt 0:00:01]} Qf4+ {[%emt 0:00:01]} 59. Ke2 {[%emt 0:00:01]} d3+ {[%emt 0:00:01]} 60. Ke1 {[%emt 0:00:02]} e5 {[%emt 0:00:01]} 61. Kd1 {[%emt 0:00:06]} Qf1# {[%emt 0:00:00] (Lag: Av=0.70s, max=1.1s) (Lag: Av=0.70s, max=1.1s) (Lag: Av=0.70s, max=1.1s) (Lag: Av=0.70s, max=1.1s) (Lag: Av=0.70s, max=1.1s)} 0-1